Statistics for ANAGRAMS: Vehicle Manufacturers #4

Click here to take the quiz!

General Stats

  • This quiz has been taken 20 times
  • The average score is 8 of 10

Answer Stats

AnagramAnswer% Correct
Rum MehH{ummer}
100%
TramsS{mart}
100%
SlateT{esla}
100%
Tech LoverC{hevrolet}
94%
Rear FirF{errari}
94%
He CropsP{orsche}
89%
Oral Gene StormG{eneral Motors}
72%
Utah SaidD{aihatsu}
56%
Liar netR{eliant}
56%
Yang SongsS{sangYong}
50%

Score Distribution

Percentile by Number Answered

Percent of People with Each Score

Your Score History

You have not taken this quiz